Normal view
MARC view
Entry Topical Term
001 - CONTROL NUMBER
- control field: 36378
003 - CONTROL NUMBER IDENTIFIER
- control field: OSt
005 - DATE AND TIME OF LATEST TRANSACTION
- control field: 20230303144704.0
008 - FIXED-LENGTH DATA ELEMENTS
- fixed length control field: 230303|| aca||aabn | a|a d
040 ## - CATALOGING SOURCE
- Original cataloging agency: OSt
- Transcribing agency: OSt
150 ## - HEADING--TOPICAL TERM
- Topical term or geographic name entry element: UAV, Drone, UAS, CBW, Chemical weapons, Biological weapons, Terrorism, Asymmetric warfare.
670 ## - SOURCE DATA FOUND
- Source citation: Work cat.: (OSt): Bhushan, Mrinmayee 36377, Biological and chemical threats and UAV delivery systems: A lethal combination
